000 00260nam a2200121 i 4500
001 bg
245 0 _aTworzywa sztuczne w medycynie.
260 _aWarszawa,
_c1970.
040 _cBPK
041 _apol
942 _cKS
008 s pl f |000 0 pol
999 _c2797
_d2797
856 _uhttp://koha.tu.koszalin.pl/cgi-bin/koha/opac-detail.pl?biblionumber=2797
_yKatalog online BPK